FIFA 21 Team of the Group Stage - Statistics

General Stats
  • This quiz has been taken 47 times
  • The average score is 8 of 18
Answer Stats
Rating Club Player % Correct
95 Barcelona Lionel Messi
100%
92 Manchester City Kevin De Bruyne
93%
90 Manchester United Bruno Fernandes
79%
90 Bayern Munich Joshua Kimmich
72%
87 Manchester United Marcus Rashford
69%
88 Borussia Dortmund Erling Haaland
62%
89 Manchester City Raheem Sterling
59%
88 Atalanta Alejandro Gomez
48%
88 Lazio Ciro Immobile
45%
88 PSG Keylor Navas
38%
83 Liverpool Diogo Jota
34%
86 Bayern Munich Kingsley Coman
34%
88 Liverpool Trent Alexander-Arnold
28%
85 Lazio Francesco Acerbi
21%
85 Sevilla Diego Carlos
17%
82 Borussia Monchengladbach Nico Elvedi
17%
84 Juventus Alvaro Morata
14%
74 Atalanta Cristian Romero
14%
No matching quizzes found
Score Distribution
Percent of People with Each Score
Percentile by Number Answered
Your Score History
You have not taken this quiz